LEADER 02365nam a2200373 u 4500 001 000000058513 003 CaOOAMICUS 005 20070226120712.0 008 010606m19611964it u000 u ita u 035 $a10891597 040 $aPUL(R)$bita$dPUL(R) 100 1 $aLamanna, Eustachio Paolo,$d1885-1967.$0(OLS)http://pul/name/16973 245 10$aStoria della filosofia /$cE. Paolo Lamanna. 260 $aFirenze :$bF. Le Monnier,$c1961-1964. 300 $a5 v. ;$c23 cm 504 $aBibliografia in nota. 505 0 $a1. Il pensiero antico -- 2. Medioevo e Rinascimento -- 3. Da Cartesio a Kant -- 4.La filosofia del Novecento: Intuizionismo, filosofia dell'azione e modernismo. Prammatismo -- 5. La filosofia del Novecento: Eredità del criticismo e del positivismo. Neo-idealismoe neo-realismo anglo-americano. La fenomenologia. L'esistenzialismo. 650 4$aFilosofia$xStoria.$0(OLS)http://pul/subject/580 850 $aPUL 852 $aPUL$W1$xDP1 Fondo Bordoni$y120$m2 C 33$j27109$qFondi$B172491$CPULBib$Z2$F172491 $HBor2257 $81 852 $aPUL$W1$xSL Filosofia 2$y80$mPhil C1 7.1-4$j76437$nBK-PRI$b $qStampati altre collocazioni$B76437$CPULBib$Z2$F76437 $H $81 852 $aPUL$W1$xSL Filosofia 2$y80$mPhil C1 7.1-4$j76437$nBK-PRI$b $qStampati altre collocazioni$B76438$CPULBib$Z2$F76438 $H $81 852 $aPUL$W1$xSL Filosofia 2$y80$mPhil C1 7.1-4$j76437$nBK-PRI$b $qStampati altre collocazioni$B76439$CPULBib$Z2$F76439 $H $81 852 $aPUL$W1$xSL Filosofia 2$y80$mPhil C1 7.1-4$j76437$nBK-PRI$b $qStampati altre collocazioni$B76440$CPULBib$Z2$F76440 $H $81 852 $aPUL$W1$xSL Filosofia 2$y80$mPhil C1 7.1-4$j76437$nBK-PRI$b $qStampati altre collocazioni$B76441$CPULBib$Z2$F76441 $H $81 941 1 $a1 941 1 $a10 961 $aINV: 29343-29344-29345-21823-29346 961 $aINV: 29343-29344-29345-21823-29346 961 $aINV: 29343-29344-29345-21823-29346 961 $aINV: 29343-29344-29345-21823-29346 961 $aINV: 29343-29344-29345-21823-29346 996 $6245$aStoria della filosofia$9(OLS)http://pul/title/7809 996 $6260$aFirenze :$bF. Le Monnier$9(OLS)http://pul/publisher/48145 LEADER 01396nam a2200277 u 4500 001 000000080646 003 CaOOAMICUS 005 20130207130313.0 008 050117s2003 it u000 u ita u 035 $a11022283 040 $aPUL$bita 100 1 $aDi Ciaccio, Simonetta.$0(OLS)http://pul/name/53768 245 13$aIl capitale sociale come risorsa per lo sviluppo economico :$buno studio su razionalità e relazionalità il caso di Manila /$cSimonetta Di Ciaccio. 260 $aRomae :$b[s.n.],$c2003. 300 $a79 p.$c24 cm 502 $aEstratto da Tesi di Dottorato in Scienze sociali--Pontificia Studiorum Universitas S. Thomae, 2003. 504 $a"Bibliografia": p. 67-79. 650 4$aCapitale.$0(OLS)http://pul/subject/22159 650 4$aSviluppo economico.$0(OLS)http://pul/subject/9440 710 2 $aPontificia Studiorum Universitas a Sancto Thoma Aquinate in Urbe.$bFacoltà di scienze sociali$kTesi.$0(OLS)http://pul/name/8331 850 $aPUL 852 $aPUL$W1$xDP1 Tesi Pon. Univ. S. Tommaso$y44$m2003 D 2$j150181$nBK-PRI$qTesi$B102994$CPULBib$Z2$F102994 $H96863 $82 941 1 $a8 941 1 $a16 996 $6245$aIl capitale sociale come risorsa per lo sviluppo economico :$buno studio su razionalità e relazionalità il caso di Manila$9(OLS)http://pul/title/105599 996 $6260$aRomae :$b[s.n.]$9(OLS)http://pul/publisher/48223